| 000 | 00867nam a22001817a 4500 | ||
|---|---|---|---|
| 005 | 20240221124151.0 | ||
| 010 | _aHIN-126933 | ||
| 020 |
_a9788192662596 _c495.00 |
||
| 035 | _aHN-99279 | ||
| 037 | _bDBAD/PUB | ||
| 082 | _aक | ||
| 245 |
_aप्रेमचन्द कथा साहित्य नैतिक मूल्यों की कहानिया/ _cप्रियंका सारस्वत द्वारा सम्पादित |
||
| 260 |
_aपिलानी _bकार्तिक प्रकाशन _c2021 |
||
| 270 |
_aबी-45 गणेश कालोनी रोड _bपिलानी _e333031 |
||
| 300 |
_a224 पृष्ठ; _c22 सेमी (सजिल्द) |
||
| 710 |
_aप्रियंका सारस्वत _eसंपादक _962343 |
||
| 942 |
_cHN _2ddc _hक _mप्रेमच |
||
| 999 |
_c200961 _d200961 |
||